study on normalized different vegetation indices for analysing landsat8 image in battambong province ការសិក្សារពីការប្រៀធៀបបចេ្ចស NORMALIZED DIFFERENT VEGETATION INDICES សម្រាប់បកស្រាយរូបភាព LANDSAT8 នៅខេត្តបាត់ដំបង (Record no. 18128)

000 -LEADER
fixed length control field 00729nam a22001337a 4500
040 ## - CATALOGING SOURCE
Transcribing agency RUA
082 ## - DEWEY DECIMAL CLASSIFICATION NUMBER
Classification number LMA KHA 2017 B640 Or.1
100 ## - MAIN ENTRY--AUTHOR NAME
Personal name KHAT PHANIT ខាត់ ផានិត្យ
245 ## - TITLE STATEMENT
Title study on normalized different vegetation indices for analysing landsat8 image in battambong province ការសិក្សារពីការប្រៀធៀបបចេ្ចស NORMALIZED DIFFERENT VEGETATION INDICES សម្រាប់បកស្រាយរូបភាព LANDSAT8 នៅខេត្តបាត់ដំបង
260 ## - PUBLICATION, DISTRIBUTION, ETC. (IMPRINT)
Place of publication RUA
Name of publisher Phnom penh
Year of publication 2017
300 ## - PHYSICAL DESCRIPTION
Number of Pages ix;38p
Other physical details ill;
Dimensions 29cm
856 ## - ELECTRONIC LOCATION AND ACCESS
Uniform Resource Identifier https://drive.google.com/file/d/1bRBU9-DSgGMc7uoBhCy6PKiY858sG03T/view?usp=sharing
942 ## - ADDED ENTRY ELEMENTS (KOHA)
Koha item type LMA
952 ## - LOCATION AND ITEM INFORMATION (KOHA)
Withdrawn status [LOCAL, KOHA] 0
952 ## - LOCATION AND ITEM INFORMATION (KOHA)
Withdrawn status [LOCAL, KOHA] 0
952 ## - LOCATION AND ITEM INFORMATION (KOHA)
Withdrawn status [LOCAL, KOHA] 0
952 ## - LOCATION AND ITEM INFORMATION (KOHA)
Withdrawn status [LOCAL, KOHA] 0
952 ## - LOCATION AND ITEM INFORMATION (KOHA)
Withdrawn status [LOCAL, KOHA] 0
952 ## - LOCATION AND ITEM INFORMATION (KOHA)
Withdrawn status [LOCAL, KOHA] 0
Holdings
Permanent Location Date acquired Koha item type Lost status Shelving location Barcode Current Location Full call number
Library Block B2019-08-06LMA B640A40215Library Block BLMA KHA 2017 B640 Or.1
Library Block B2019-08-06LMA B640A39803Library Block BLMA KHA 2017 B640 Or.2
Library Block B2019-08-06LMA B640A40128Library Block BLMA KHA 2017 B640 Or.3
Library Block B2019-08-06LMA B640A39946Library Block BLMA KHA 2017 B640 Or.4
Library Block B2019-08-06LMA B640A40460Library Block BLMA KHA 2017 B640 Or.5
Library Block B2019-08-06LMA B640A39922Library Block BLMA KHA 2017 B640 Or.6
មជ្ឈមណ្ឌលឯការនៃសាកលវិទ្យាល័យភូមិន្ទកសិកម្មចំការដូង

Powered by Koha